000 00568nam a2200193 i 4500
001 95759
003 ES-MaACL
005 20250808091957.0
007 t|
008 050603s1971 sp |||| | spa d
080 _a349.3(460):364.3
100 1 _aLluís y Navas, Jaime.
_972976
245 1 0 _aProblemas jurídicos de la Seguridad Social /
_cJaime Lluís y Navas.
260 _aBarcelona :
_bC.E.A.H.E.,
_c1971.
300 _a25 p. ;
_c24 cm.
650 7 _aDerecho de la seguridad social
_2embne
_9157445
852 _aES-MaACL
_j2076-F-14
999 _c95759
_d95759